| 000 | 00718nmc a2200277 a 4500 | ||
|---|---|---|---|
| 003 | AR-BaBNM | ||
| 005 | 20251128203251.0 | ||
| 008 | 057019s1985 ||||||||||||||000 | spa|| | ||
| 020 | _a950-43-0834-1 | ||
| 040 | _cAR-BaBNM | ||
| 100 | 1 | _aSemberoiz, Edgardo R. | |
| 245 | 1 | 0 | _aDerecho internacional de la guerra |
| 250 | _a1ª ed. | ||
| 260 |
_aBuenos Aires _bCírculo Militar _c1985 |
||
| 300 | 0 | _a299 p. | |
| 490 | 0 |
_aBiblioteca del oficial _vv. 723 |
|
| 500 | 0 | _aAnexos p. 211-297 | |
| 504 | _aBibliografía p.298-299 | ||
| 650 | 4 | _aDERECHO INTERNACIONAL PUBLICO | |
| 650 | 4 | _aPACIFISMO | |
| 650 | 4 | _aGUERRA | |
| 650 | 4 | _aNEUTRALIDAD | |
| 650 | 4 | _aTRATADOS DE PAZ | |
| 942 | _cBK | ||
| 998 | _cCarmen | ||
| 999 |
_c2631 _d2631 |
||